| 000 | 07769nam a22007697a 4500 | ||
|---|---|---|---|
| 005 | 2011122801261.0 | ||
| 010 | _aB-447424-468 | ||
| 020 |
_a9788123750781 _c45.00 |
||
| 035 | _aB-447424-468 | ||
| 037 | _bK.K.Pub/Ven | ||
| 082 | _a921 | ||
| 100 |
_aBasu, Aparna _947016 |
||
| 245 |
_aAbbas Tyabji / _cby Aparna Basu |
||
| 260 |
_aNew Delhi _bNational Book Trust _c2008 |
||
| 270 |
_aNehru Bhawan, 5 Institutional Area, Phase-II Vasant Kunj _bNew Delhi _e110070 |
||
| 300 |
_a85p. _bill. _c21cm(pbk) |
||
| 490 |
_aNational Biography _947017 |
||
| 700 |
_aBell-Rehwoldt, Sheri _937767 |
||
| 942 |
_2ddc _cEN _mBAS _h921 |
||
| 999 |
_c60071 _d60071 |
||